Electrical sciences (Record no. 165362)
[ view plain ]
| 000 -LEADER | |
|---|---|
| fixed length control field | 00351nam a2200145Ia 4500 |
| 008 - FIXED-LENGTH DATA ELEMENTS--GENERAL INFORMATION | |
| fixed length control field | 231217s9999 xx 000 0 und d |
| 041 ## - LANGUAGE CODE | |
| Language code of text/sound track or separate title | English |
| 082 ## - DEWEY DECIMAL CLASSIFICATION NUMBER | |
| Classification number | 621.31 YOG;6 |
| 100 ## - MAIN ENTRY--PERSONAL NAME | |
| Personal name | Yoganarasimhan, B N |
| 245 #0 - TITLE STATEMENT | |
| Title | Electrical sciences |
| 260 ## - PUBLICATION, DISTRIBUTION, ETC. | |
| Date of publication, distribution, etc. | 1997 |
| Name of publisher, distributor, etc. | Shiva Book Centre |
| 300 ## - PHYSICAL DESCRIPTION | |
| Extent | 529 |
| 650 ## - SUBJECT ADDED ENTRY--TOPICAL TERM | |
| Topical term or geographic name entry element | Electrical sciences |
| 942 ## - ADDED ENTRY ELEMENTS (KOHA) | |
| Koha item type | Books |
| Date last seen | Total checkouts | Full call number | Accession number | Cost, total (INR) price | Price effective from | Category | Public note | Lost status | Damaged status | Department | Withdrawn status | Home library | Current library | Shelving location | Entry date | Cost, normal purchase price | Grants | Billnumber | Billdate | Currency symbol | Conversion rate | Discount | Old discount | Vendor |
|---|---|---|---|---|---|---|---|---|---|---|---|---|---|---|---|---|---|---|---|---|---|---|---|---|
| 26/01/2024 | 621.31 YOG;6 | 10692 | 110.50 | 26/01/2024 | Books | Weeded Out 2016 | Central Library | Central Library | Central Library | Central Library | 08/01/1998 | 130.00 | EC | 5263 | 18/05/2000 | RS | 1 | 19.5 | 15 | |||||
| 26/01/2024 | 621.31 YOG;7 | 10693 | 110.50 | 26/01/2024 | Books | Weeded Out 2016 | Central Library | Central Library | Central Library | 08/01/1998 | 130.00 | EC | 5263 | 18/05/2000 | RS | 1 | 19.5 | 15 | Mega Books | |||||
| 26/01/2024 | 621.31 YOG;8 | 10694 | 110.50 | 26/01/2024 | Books | Central Library | Central Library | Central Library | 08/01/1998 | 130.00 | EC | 5263 | 18/05/2000 | RS | 1 | 19.5 | 15 | Mega Books | ||||||
| 26/01/2024 | 621.31 YOG;7 | 10695 | 110.50 | 26/01/2024 | Books | Weeded Out 2016 | Central Library | Central Library | Central Library | 08/01/1998 | 130.00 | EC | 5263 | 18/05/2000 | RS | 1 | 19.5 | 15 | Mega Books | |||||
| 26/01/2024 | 621.31 YOG;8 | 10696 | 110.50 | 26/01/2024 | Books | Weeded Out 2016 | Central Library | Central Library | Central Library | 08/01/1998 | 130.00 | EC | 5263 | 18/05/2000 | RS | 1 | 19.5 | 15 | Mega Books | |||||
| 26/01/2024 | 621.31 YOG;11 | 11358 | 110.50 | 26/01/2024 | Books | SC ST (387) | Central Library | Central Library | Central Library | SC-ST | 23/05/1998 | 130.00 | SC-ST | 177 97-98 | 27/10/2000 | RS | 1 | 19.5 | 15 | Sapna Book House |
